USA Rappers - Statistics

General Stats
  • This quiz has been taken 430 times
  • The average score is 27 of 55
Answer Stats
Hint Answer % Correct
God's Plan Drake
94%
Sicko Mode Travis Scott
93%
Look At Me! XXXTENTACION
92%
HUMBLE Kendrick Lamar
91%
Lucid Dreams Juice WRLD
89%
XO TOUR LIFE Lil Uzi Vert
87%
Mask Off Future
85%
Dior Pop Smoke
80%
Old Town Road Lil Nas X
79%
Ransom Lil Tecca
79%
Congratulations Post Malone
77%
Bad and Boujee Migos
74%
Drip to Hard Lil Baby
73%
Bank Account 21 Savage
72%
No Role Modelz J. Cole
71%
Magnolia Playboi Carti
71%
Murder on my Mind YNW Melly
70%
Rockstar DaBaby
69%
Shotta Flow NLE Choppa
62%
Blueberry Faygo Lil Mosey
60%
Miss the Rage Trippie Redd
54%
RAPSTAR Polo G
53%
Earfquake Tyler the Creator
53%
Thotiana Blueface
52%
Dollaz On My Head Gunna
52%
STAY The Kid LAROI
52%
Tunnel Vision Kodak Black
48%
Calling My Phone Lil Tjay
48%
Took Her To The O King Von
47%
After Party Don Toliver
46%
First Class Jack Harlow
41%
Make No Sense NBA Youngboy
40%
Drowning A Boogie Wit Da Hoodie
39%
3 Headed Goat Lil Durk
38%
Taste Tyga
38%
Swang Rae Sremmurd
37%
Go Crazy Young Thug
37%
Down Below Roddy Ricch
35%
Orange Soda Baby Keem
32%
Mood 24kGoldn
29%
Faucet Failure Ski Mask
26%
Broke in a Minute Tory Lanez
25%
2055 Sleepy Hallow
24%
Nowadays Lil Skies
23%
Moonwalking to the Calabasas DDG
22%
Turks NAV
18%
PTSD G Herbo
17%
Emotions Iann Dior
17%
Heart On Ice Rod Wave
15%
Kung Fu Cordae
8%
Paris To Tokyo Fivio Foreign
8%
Costa Rica Bankrol Hayden
7%
Revenge $NOT
4%
Out on Bail YG
4%
Cross Me PnB Rock
2%
No matching quizzes found
Score Distribution
Percent of People with Each Score
Percentile by Number Answered
Your Score History
You have not taken this quiz